LEADER 01168nam a2200301 u 4500 001 000000033063 003 CaOOAMICUS 005 20070226112324.0 008 971027s1989 it u000 u ita u 020 $a8805050814 035 $a10774501 040 $aPUL(R)$bita 100 1 $aGamba, Ulderico.$0(OLS)http://pul/name/25888 245 13$aIl nostro vangelo /$cUlderico Gamba, Giuseppe Gottardo. 260 $aTorino :$bSocietà Editrice Internazionale,$c1989. 300 $a240 p. ;$c22 cm 490 1 $aReligione (Società Editrice Internazionale) 500 $aInclude indici. 504 $aBibliografia: p. 237-238. 830 0$aReligione (Società Editrice Internazionale).$0(OLS)http://pul/title/39549 850 $aPUL 852 $aPUL$W1$xSL Religione 1$y3$m9(1) B 13$j45441$nBK-PRI$b $qStampati$B45441$CPULBib$Z2$F45441 $H $81 941 1 $a8 961 $aINV: 61485 983 0$aReligione (SEI) 996 $6020$a8805050814$9(OLS)http://pul/number/41577 996 $6245$aIl nostro vangelo$9(OLS)http://pul/title/45546 996 $6260$aTorino :$bSocietà Editrice Internazionale$9(OLS)http://pul/publisher/48746 LEADER 01187nam a2200265 a 4500 001 000000162841 003 CaOOAMICUS 005 20170922100347.0 008 170922s1993 it m 001 u ita r 032 $aLibriCat 040 $aPUL$bita 100 1 $aTommasi, Roberto,$d1961-$0(OLS)http://pul/name/27386 245 11$a"Essere e tempo" di Martin Heidegger in Italia (1928-1948) /$cauctore Roberto Tommasi. 260 $aMilano :$b[s.n.],$c1993. 300 $aXIII, 330 p. ;$c24 cm. 502 $aTesi -- Pontificia Universitas Gregoriana. Facultas philosophiae. 1993. 504 $aBibliografia in nota. 600 14$aHeidegger, Martin,$d1889-1976$xFilosofia.$0(OLS)http://pul/subject/22528 710 2 $aPontificia Università Gregoriana.$bFacoltà di filosofia.$kTesi.$0(OLS)http://pul/name/82053 850 $aPUL 852 $aPUL$W1$xDP1 Tesi Pon. Univ. Gregoriana$y40$mTH PUG 3994$j186816$qTesi$B190059$CPULBib$Z2$F190059 $H71979 $82 941 1 $a16 996 $6245$a"Essere e tempo" di Martin Heidegger in Italia (1928-1948)$9(OLS)http://pul/title/49380 996 $6260$aMilano :$b[s.n.]$9(OLS)http://pul/publisher/48974